Score 0/20 Timer 06:00
4 Plays Today
% Correct
Night at the Museum
96.3%
Finding Nemo
95.8%
Shaun of the Dead
93.5%
The Chronicles of Narnia: The Lion, the Witch, and the Wardrobe
92.7%
WALL-E
84.9%
Avatar
84.8%
Pirates of the Caribbean: Curse of the Black Pearl
83.3%
Signs
82.6%
Casino Royale
82%
Mean Girls
79.1%
% Correct
Kill Bill: Vol. 1
79%
Spider-Man
78.6%
Harry Potter and the Sorcerer's Stone
78.6%
Brokeback Mountain
77.4%
Transformers
76.6%
The Hurt Locker
75.2%
Iron Man
73.9%
Lost in Translation
68.1%
The Prestige
66.6%
District 9
63.1%
Come Together.
Have Fun.
All Virtual.
We all need to come together. Play Sporcle's virtual live trivia to have fun, connect with people, and get your trivia on. Join a live hosted trivia game for your favorite pub trivia experience done virtually. If a virtual private party is more your thing, go here for details.

You're not logged in!

Compare scores with friends on all Sporcle quizzes.
OR
Log In

Sporcle TV

Today on Sporcle TV


Watch our educational content, quiz creation guides, and fun videos on Sporcle TV.

Show Comments

Extras

Top Quizzes Today


Score Distribution

Paid Content

Your Account Isn't Verified!

In order to create a playlist on Sporcle, you need to verify the email address you used during registration. Go to your Sporcle Settings to finish the process.

Report this User

Report this user for behavior that violates our Community Guidelines.

Details: